[Event "Tamil Nadu IM 20th"]
[Site "Coimbatore"]
[Date "2024.02.29"]
[Round "5"]
[White "Gochelashvili, David"]
[Black "Priyanka, K."]
[Result "1/2-1/2"]
[WhiteElo "2225"]
[BlackElo "2099"]
[PlyCount "89"]
[EventDate "2024.02.27"]
[EventType "tourn"]
[EventRounds "9"]
[EventCountry "IND"]
[SourceTitle "CB10_2024"]
[SourceDate "2024.03.06"]
[SourceVersion "1"]
[SourceVersionDate "2024.03.06"]
[SourceQuality "1"]

1. e4 e5 2. Nf3 Nc6 3. Bc4 Nf6 4. d3 Bc5 5. c3 a6 6. Bg5 h6 7. Bh4 g5 8. Bg3 d6 9. b4 Ba7 10. Nbd2 Qe7 11. 0-0 h5 12. h4 Nh7 13. d4 g4 14. Ne1 exd4 15. Nd3 dxc3 16. Nb3 Be6 17. Bd5 Nf8 18. Re1 Ng6 19. Qc2 0-0 20. Qxc3 Nxh4 21. Nf4 Ne5 22. Nxh5 Qg5 23. Nf4 Bxd5 24. Nxd5 c6 25. Bf4 Qg7 26. Ne7+ Kh8 27. Qg3 Qf6 28. Bxe5 dxe5 29. Nf5 Nxf5 30. exf5 Qxf5 31. Qxe5+ Qxe5 32. Rxe5 f6 33. Re7 g3 34. Nc5 gxf2+ 35. Kxf2 Rae8 36. Rxb7 Bxc5+ 37. bxc5 Re5 38. Rh1+ Kg8 39. Rhh7 Rd8 40. Rbg7+ Kf8 41. Rf7+ Kg8 42. Rhg7+ Kh8 43. Rh7+ Kg8 44. Rhg7+ Kh8 45. Rh7+ 1/2-1/2

[Event "Tamil Nadu IM 19th"]
[Site "Tiruppur"]
[Date "2024.02.23"]
[Round "6"]
[White "Dere, Pushkar"]
[Black "Gochelashvili, David"]
[Result "1-0"]
[WhiteElo "2223"]
[BlackElo "2225"]
[PlyCount "115"]
[EventDate "2024.02.20"]
[EventType "tourn"]
[EventRounds "9"]
[EventCountry "IND"]
[SourceTitle "CB09_2024"]
[SourceDate "2024.02.28"]
[SourceVersion "1"]
[SourceVersionDate "2024.02.28"]
[SourceQuality "1"]

1. e4 e5 2. Nf3 Nc6 3. Bb5 a6 4. Ba4 d6 5. 0-0 Bd7 6. c3 g6 7. d4 Bg7 8. Bg5 Nf6 9. Nbd2 h6 10. Bh4 b5 11. Bc2 Qb8 12. a4 0-0 13. dxe5 dxe5 14. Qe2 Nh5 15. axb5 axb5 16. Rxa8 Qxa8 17. Qxb5 Rb8 18. Qd3 Be6 19. b4 g5 20. Bg3 Rd8 21. Qe3 g4 22. Nh4 Qa2 23. Rc1 Qb2 24. Nf1 Nf4 25. Bxf4 exf4 26. Qxf4 Bxc3 27. Nf5 Bxf5 28. exf5 Nd4 29. Bd1 Nxf5 30. Bxg4 Rd4 31. Qxf5 Qxc1 32. Bh5 Rf4 33. Qc8+ Kg7 34. Qxc7 Bb2 35. Qxc1 Bxc1 36. b5 Rb4 37. Be2 f5 38. Ng3 f4 39. Nf5+ Kf6 40. g4 h5 41. h3 hxg4 42. hxg4 Rb2 43. Kf1 Ke5 44. Ne7 Ke4 45. f3+ Kd4 46. g5 Ke5 47. Bd3 Be3 48. g6 Rf2+ 49. Ke1 Rg2 50. Be4 Rg1+ 51. Ke2 Rg2+ 52. Kd3 Rd2+ 53. Kc3 Rg2 54. Kc4 Bg1 55. Nd5 Rb2 56. b6 Bxb6 57. Nxb6 Rxb6 58. g7 1-0

[Event "Tamil Nadu IM 19th"]
[Site "Tiruppur"]
[Date "2024.02.21"]
[Round "3"]
[White "Sitnikov, Anton"]
[Black "Gochelashvili, David"]
[Result "1/2-1/2"]
[WhiteElo "2362"]
[BlackElo "2225"]
[PlyCount "40"]
[EventDate "2024.02.20"]
[EventType "tourn"]
[EventRounds "9"]
[EventCountry "IND"]
[SourceTitle "CB09_2024"]
[SourceDate "2024.02.28"]
[SourceVersion "1"]
[SourceVersionDate "2024.02.28"]
[SourceQuality "1"]

1. Nf3 Nf6 2. c4 c6 3. Nc3 d5 4. cxd5 cxd5 5. d4 Nc6 6. Bf4 Bf5 7. e3 e6 8. Qb3 Bb4 9. Ne5 Bxc3+ 10. Qxc3 Nxe5 11. Bxe5 0-0 12. Be2 Rc8 13. Qa3 Rc2 14. Bd1 Rc6 15. 0-0 Ra6 16. Qb4 Rb6 17. Qc3 Rc6 18. Qa3 Ra6 19. Qb4 Rb6 20. Qa3 Ra6 1/2-1/2

[Event "Tamil Nadu IM 19th"]
[Site "Tiruppur"]
[Date "2024.02.20"]
[Round "1"]
[White "Avinash, Ramesh"]
[Black "Gochelashvili, David"]
[Result "1/2-1/2"]
[WhiteElo "2238"]
[BlackElo "2225"]
[PlyCount "79"]
[EventDate "2024.02.20"]
[EventType "tourn"]
[EventRounds "9"]
[EventCountry "IND"]
[SourceTitle "CB09_2024"]
[SourceDate "2024.02.28"]
[SourceVersion "1"]
[SourceVersionDate "2024.02.28"]
[SourceQuality "1"]

1. e4 c5 2. Nf3 d6 3. d4 cxd4 4. Nxd4 Nf6 5. Nc3 g6 6. Be3 Bg7 7. f3 0-0 8. Qd2 Nc6 9. Bc4 Nxd4 10. Bxd4 Be6 11. Bxe6 fxe6 12. 0-0-0 Qa5 13. Rhe1 Nh5 14. Bxg7 Kxg7 15. e5 d5 16. Kb1 b5 17. Ne2 Qxd2 18. Rxd2 Rab8 19. Rd4 Kf7 20. c3 Ng7 21. g4 Ke8 22. Rf1 Kd7 23. a4 h5 24. h3 hxg4 25. hxg4 Rh8 26. Rb4 bxa4 27. Rxb8 Rxb8 28. Kc2 a3 29. b3 Ne8 30. Ra1 Nc7 31. Rxa3 a6 32. Kd3 Rh8 33. Ra1 Kc6 34. Ke3 g5 35. Nd4+ Kb6 36. Ra4 Rh1 37. Rb4+ Nb5 38. Nxb5 a5 39. Ra4 Kxb5 40. Ra3 1/2-1/2

[Event "Tamil Nadu IM 18th"]
[Site "Pollachi"]
[Date "2024.02.15"]
[Round "5"]
[White "Parvathareddy, Ajay Santhosh"]
[Black "Gochelashvili, David"]
[Result "1/2-1/2"]
[WhiteElo "2148"]
[BlackElo "2225"]
[PlyCount "127"]
[EventDate "2024.02.13"]
[EventType "tourn"]
[EventRounds "9"]
[EventCountry "IND"]
[SourceTitle "CB08_2024"]
[SourceDate "2024.02.21"]
[SourceVersion "1"]
[SourceVersionDate "2024.02.21"]
[SourceQuality "1"]

1. d4 Nf6 2. Nf3 d6 3. Nc3 Bf5 4. Nh4 e6 5. Nxf5 exf5 6. Qd3 Qd7 7. Bg5 Be7 8. g3 0-0 9. Bh3 g6 10. f3 Na6 11. Qd2 Rfe8 12. 0-0-0 b5 13. Bxf6 Bxf6 14. e4 b4 15. Nd5 Bg7 16. exf5 Qc6 17. Nf4 Rab8 18. fxg6 hxg6 19. Kb1 Rb5 20. Rhe1 Reb8 21. Qd3 Ra5 22. Re7 b3 23. axb3 Nb4 24. Qc4 Qxc4 25. bxc4 c5 26. c3 Nc6 27. Rc7 cxd4 28. Rxc6 dxc3 29. Rc8+ Rxc8 30. Bxc8 cxb2 31. Kc2 Ra4 32. Bd7 Rxc4+ 33. Kb1 a5 34. Nd3 a4 35. Bb5 Rc3 36. Bxa4 Ra3 37. Nxb2 Bxb2 38. Kxb2 Rxa4 39. Rxd6 Rc4 40. Rd2 Rc5 41. Rc2 Rf5 42. f4 g5 43. fxg5 Rxg5 44. Kc3 Kg7 45. Kd4 Ra5 46. Ke4 Kg6 47. Kf3 Ra3+ 48. Kg2 f6 49. h4 Ra5 50. Rc3 Kf5 51. Kf3 Rb5 52. g4+ Kg6 53. Kf4 Rb4+ 54. Kg3 Rb1 55. h5+ Kh6 56. Kf4 Rf1+ 57. Rf3 Ra1 58. Kf5 Kg7 59. Re3 Rf1+ 60. Ke4 Rg1 61. Kf4 Rf1+ 62. Rf3 Ra1 63. Re3 Rf1+ 64. Ke4 1/2-1/2

[Event "Tamil Nadu IM 17th"]
[Site "Karaikudi"]
[Date "2024.02.08"]
[Round "5"]
[White "Sai, Vishwesh C"]
[Black "Gochelashvili, David"]
[Result "1-0"]
[WhiteElo "2201"]
[BlackElo "2225"]
[PlyCount "57"]
[EventDate "2024.02.06"]
[EventType "tourn"]
[EventRounds "9"]
[EventCountry "IND"]
[SourceTitle "CB07_2024"]
[SourceDate "2024.02.14"]
[SourceVersion "1"]
[SourceVersionDate "2024.02.14"]
[SourceQuality "1"]

1. e4 c5 2. Nf3 d6 3. d4 Nf6 4. Nc3 cxd4 5. Nxd4 g6 6. Be3 Bg7 7. f3 0-0 8. Qd2 Nc6 9. Bc4 Bd7 10. 0-0-0 Rc8 11. Bb3 Ne5 12. Kb1 a6 13. h4 h5 14. g4 b5 15. Rdg1 b4 16. Nd5 Nxd5 17. Bxd5 e6 18. Bb3 a5 19. gxh5 a4 20. f4 Nc6 21. hxg6 axb3 22. Nxb3 Be8 23. gxf7+ Bxf7 24. h5 Kh7 25. h6 Bf6 26. Qg2 Re8 27. Qg7+ Bxg7 28. hxg7+ Bh5 29. g8Q+ 1-0

[Event "Tamil Nadu IM 16th"]
[Site "Chennai"]
[Date "2024.02.01"]
[Round "5"]
[White "Gochelashvili, David"]
[Black "Buscara, Sevan"]
[Result "1/2-1/2"]
[WhiteElo "2225"]
[BlackElo "2256"]
[PlyCount "32"]
[EventDate "2024.01.30"]
[EventType "tourn"]
[EventRounds "9"]
[EventCountry "IND"]
[SourceTitle "CB06_2024"]
[SourceDate "2024.02.07"]
[SourceVersion "1"]
[SourceVersionDate "2024.02.07"]
[SourceQuality "1"]

1. e4 c5 2. Nf3 d6 3. Bb5+ Bd7 4. Bxd7+ Qxd7 5. 0-0 Nf6 6. Re1 Nc6 7. c3 e6 8. d4 cxd4 9. cxd4 d5 10. e5 Ne4 11. Nbd2 Nxd2 12. Bxd2 Be7 13. Bg5 Bb4 14. Bd2 Be7 15. Bg5 Bb4 16. Bd2 Be7 1/2-1/2

[Event "Tamil Nadu IM 16th"]
[Site "Chennai"]
[Date "2024.01.31"]
[Round "3"]
[White "Gochelashvili, David"]
[Black "Wagh, Suyog"]
[Result "0-1"]
[WhiteElo "2225"]
[BlackElo "2243"]
[PlyCount "146"]
[EventDate "2024.01.30"]
[EventType "tourn"]
[EventRounds "9"]
[EventCountry "IND"]
[SourceTitle "CB06_2024"]
[SourceDate "2024.02.07"]
[SourceVersion "1"]
[SourceVersionDate "2024.02.07"]
[SourceQuality "1"]

1. e4 c6 2. d4 d5 3. exd5 cxd5 4. Bd3 Nc6 5. c3 Qc7 6. h3 e6 7. Nf3 Bd6 8. 0-0 Nge7 9. b3 0-0 10. Qc2 Kh8 11. Re1 f6 12. Nh4 g5 13. Nf3 Rf7 14. Qe2 Bd7 15. Ba3 Rg8 16. Bxd6 Qxd6 17. Nbd2 Rfg7 18. Nh2 g4 19. hxg4 e5 20. dxe5 fxe5 21. f3 e4 22. Bxe4 dxe4 23. Nxe4 Qe5 24. Rad1 Ng6 25. Qd2 Bc8 26. Nf1 Rd7 27. Qe3 Rxd1 28. Rxd1 Nf4 29. Kf2 Rf8 30. Qc5 Qxc5+ 31. Nxc5 Bxg4 32. Nxb7 Nxg2 33. Nh2 Bxf3 34. Nxf3 Nh4 35. Rd3 Ne5 36. Rd8 Rxd8 37. Nxd8 Nhxf3 38. b4 Kg8 39. a4 Kf8 40. a5 Ke7 41. Nb7 Nd2 42. Ke3 Ndc4+ 43. Kd4 h5 44. b5 h4 45. Nc5 h3 46. Ne4 h2 47. Ng3 Kd6 48. a6 Na3 49. b6 Nb5+ 50. Ke3 axb6 51. Kf2 Kc6 52. Kg2 Nxc3 53. Kxh2 b5 54. Nf5 Kb6 55. Kg3 b4 56. Nd4 Nc6 57. a7 Nxa7 58. Kf2 Kc5 59. Ke3 Kc4 60. Nf3 Nd5+ 61. Kd2 Nc6 62. Kc1 Kc3 63. Nd2 Na5 64. Ne4+ Kd4 65. Ng5 Ne3 66. Kb2 Nec4+ 67. Kb1 Na3+ 68. Ka2 N3c4 69. Ne6+ Kd5 70. Nc7+ Kc6 71. Ne6 b3+ 72. Ka1 b2+ 73. Ka2 Nb3 0-1

[Event "Tamil Nadu IM 16th"]
[Site "Chennai"]
[Date "2024.01.30"]
[Round "2"]
[White "Mohamed, Anees M"]
[Black "Gochelashvili, David"]
[Result "1/2-1/2"]
[WhiteElo "2263"]
[BlackElo "2225"]
[PlyCount "69"]
[EventDate "2024.01.30"]
[EventType "tourn"]
[EventRounds "9"]
[EventCountry "IND"]
[SourceTitle "CB06_2024"]
[SourceDate "2024.02.07"]
[SourceVersion "1"]
[SourceVersionDate "2024.02.07"]
[SourceQuality "1"]

1. e4 e5 2. Nf3 Nc6 3. Bb5 a6 4. Ba4 Nf6 5. 0-0 b5 6. Bb3 Be7 7. Re1 0-0 8. h3 d6 9. c3 Na5 10. Bc2 c5 11. d4 Qc7 12. d5 Nc4 13. b3 Nb6 14. a4 c4 15. axb5 cxb3 16. Bxb3 axb5 17. Rxa8 Nxa8 18. Qe2 Nd7 19. Ba3 Nc5 20. Bc2 Bd7 21. Bb4 Nb6 22. Na3 Rb8 23. Bd3 Nxd3 24. Qxd3 Na4 25. Nxe5 dxe5 26. Bxe7 Qxc3 27. Qxc3 Nxc3 28. Bd6 Rc8 29. f3 f6 30. Kf2 Kf7 31. Ke3 Na4 32. Kd2 Nb6 33. Rc1 Rxc1 34. Kxc1 Nc4 35. Nxc4 1/2-1/2

[Event "Tamil Nadu IM 15th"]
[Site "Chennai"]
[Date "2024.01.27"]
[Round "7"]
[White "Dusthageer, Ibrahim M"]
[Black "Gochelashvili, David"]
[Result "1/2-1/2"]
[WhiteElo "2098"]
[BlackElo "2287"]
[PlyCount "77"]
[EventDate "2024.01.23"]
[EventType "tourn"]
[EventRounds "9"]
[EventCountry "IND"]
[EventCategory "1"]
[SourceTitle "CB05_2024"]
[SourceDate "2024.01.31"]
[SourceVersion "1"]
[SourceVersionDate "2024.01.31"]
[SourceQuality "1"]

1. e4 c5 2. Nf3 Nc6 3. Nc3 g6 4. d4 cxd4 5. Nxd4 Bg7 6. Nxc6 bxc6 7. Bc4 d6 8. Qf3 Nf6 9. h3 0-0 10. 0-0 a5 11. Rd1 Nd7 12. Bf1 a4 13. Rb1 Ba6 14. b3 Bxf1 15. Kxf1 axb3 16. cxb3 Qa5 17. Na4 f5 18. exf5 Ne5 19. Qe2 Rxf5 20. Bd2 Qc7 21. Kg1 h5 22. Re1 Qa7 23. Be3 c5 24. Rbc1 Kh7 25. Nc3 Nc6 26. a4 Re5 27. Qf3 Qb7 28. Nb5 Rf8 29. Qd1 Ref5 30. Rc2 Ne5 31. f4 Nc6 32. g4 hxg4 33. hxg4 R5f7 34. Qf3 Rh8 35. Rh2+ Kg8 36. Rxh8+ Bxh8 37. Qe4 Qd7 38. Kf2 Ne5 39. Qa8+ 1/2-1/2

[Event "Tamil Nadu IM 15th"]
[Site "Chennai"]
[Date "2024.01.26"]
[Round "6"]
[White "Gochelashvili, David"]
[Black "Murugan, Krishnamoorthy"]
[Result "1-0"]
[WhiteElo "2287"]
[BlackElo "2238"]
[PlyCount "115"]
[EventDate "2024.01.23"]
[EventType "tourn"]
[EventRounds "9"]
[EventCountry "IND"]
[EventCategory "1"]
[SourceTitle "CB05_2024"]
[SourceDate "2024.01.31"]
[SourceVersion "1"]
[SourceVersionDate "2024.01.31"]
[SourceQuality "1"]

1. e4 c5 2. Nf3 e6 3. c3 Nf6 4. e5 Nd5 5. d4 cxd4 6. cxd4 b6 7. Nc3 Nxc3 8. bxc3 Qc7 9. Bd2 d6 10. Bd3 Nd7 11. Ng5 Bb7 12. 0-0 Be7 13. Qh5 Bxg5 14. exd6 Qxd6 15. Qxg5 0-0 16. a4 Nc5 17. Bf4 Qd8 18. Bxh7+ Kxh7 19. Qh5+ Kg8 20. dxc5 bxc5 21. Rfe1 Qd5 22. Qg4 Qf5 23. Qxf5 exf5 24. Re5 Be4 25. f3 Bd3 26. Rxc5 Rfc8 27. Bc7 Rab8 28. a5 Rb7 29. Bd6 Rxc5 30. Bxc5 Rc7 31. Bb4 Bb5 32. Kf2 f6 33. Rd1 Rd7 34. Rxd7 Bxd7 35. Ke3 Kf7 36. Kd4 Ke6 37. Bf8 g6 38. Kc5 Ba4 39. a6 Kd7 40. Kb4 Bd1 41. Bc5 Be2 42. c4 f4 43. Bxa7 Bf1 44. g3 Be2 45. gxf4 f5 46. Kc5 Bxf3 47. Bb6 Bg2 48. a7 Bb7 49. Kd4 Ke6 50. Ke3 Bc6 51. Kf2 Kf7 52. Kg3 Be4 53. Kh4 Bf3 54. Kg5 Bc6 55. Bd4 Bf3 56. h4 Be4 57. Bf6 Bf3 58. h5 1-0

[Event "Tamil Nadu IM 15th"]
[Site "Chennai"]
[Date "2024.01.25"]
[Round "5"]
[White "Manik, Mikulas"]
[Black "Gochelashvili, David"]
[Result "1/2-1/2"]
[WhiteElo "2342"]
[BlackElo "2287"]
[PlyCount "29"]
[EventDate "2024.01.23"]
[EventType "tourn"]
[EventRounds "9"]
[EventCountry "IND"]
[EventCategory "1"]
[SourceTitle "CB05_2024"]
[SourceDate "2024.01.31"]
[SourceVersion "1"]
[SourceVersionDate "2024.01.31"]
[SourceQuality "1"]

1. e4 g6 2. d4 Bg7 3. c4 Nc6 4. d5 Nd4 5. Be3 c5 6. Nc3 d6 7. Nge2 Qb6 8. Nxd4 cxd4 9. Na4 Qa5+ 10. b4 Qxb4+ 11. Bd2 Qa3 12. Bc1 Qb4+ 13. Bd2 Qa3 14. Bc1 Qb4+ 15. Bd2 1/2-1/2

[Event "Tamil Nadu IM 15th"]
[Site "Chennai"]
[Date "2024.01.23"]
[Round "2"]
[White "Gochelashvili, David"]
[Black "Nihal, Swarna"]
[Result "1-0"]
[WhiteElo "2287"]
[BlackElo "2131"]
[PlyCount "119"]
[EventDate "2024.01.23"]
[EventType "tourn"]
[EventRounds "9"]
[EventCountry "IND"]
[EventCategory "1"]
[SourceTitle "CB05_2024"]
[SourceDate "2024.01.31"]
[SourceVersion "1"]
[SourceVersionDate "2024.01.31"]
[SourceQuality "1"]

1. e4 c5 2. Nf3 g6 3. d4 cxd4 4. Nxd4 Nc6 5. Nc3 Bg7 6. Be3 Nf6 7. Bc4 0-0 8. Bb3 d6 9. h3 Na5 10. 0-0 b6 11. Qd3 Bb7 12. Bd5 Nxd5 13. Nxd5 Rc8 14. b3 Nc6 15. c4 e6 16. Nc3 d5 17. exd5 exd5 18. Nxc6 Bxc6 19. Rad1 dxc4 20. Qxc4 Qe8 21. Nd5 Qe6 22. Bg5 Bxd5 23. Qxd5 Qxd5 24. Rxd5 Rc2 25. a4 Rb2 26. Rd3 Rc8 27. Rfd1 h6 28. Be3 g5 29. g4 Be5 30. Kg2 Rcc2 31. Rd8+ Kh7 32. R1d5 Bf6 33. R8d6 Bg7 34. Rd3 Rc3 35. Rxc3 Bxc3 36. Rd3 Be5 37. Kf3 Kg6 38. Ke4 f6 39. h4 Kf7 40. Kf5 gxh4 41. f4 Bb8 42. Rd7+ Ke8 43. Rh7 Rxb3 44. Bd4 Kd8 45. Bxf6+ Kc8 46. Rxh6 Rb4 47. Rh8+ Kb7 48. Be5 Bxe5 49. Kxe5 Rxa4 50. g5 Ra1 51. g6 Rg1 52. Kf6 a5 53. g7 a4 54. g8Q Rxg8 55. Rxg8 a3 56. Ke5 h3 57. Rg1 b5 58. Kd4 Kc6 59. Kc3 Kd5 60. Rh1 1-0

[Event "Tamil Nadu IM 15th"]
[Site "Chennai"]
[Date "2024.01.23"]
[Round "1"]
[White "Karthik, Rajaa"]
[Black "Gochelashvili, David"]
[Result "1/2-1/2"]
[WhiteElo "2289"]
[BlackElo "2287"]
[PlyCount "95"]
[EventDate "2024.01.23"]
[EventType "tourn"]
[EventRounds "9"]
[EventCountry "IND"]
[EventCategory "1"]
[SourceTitle "CB05_2024"]
[SourceDate "2024.01.31"]
[SourceVersion "1"]
[SourceVersionDate "2024.01.31"]
[SourceQuality "1"]

1. c4 e5 2. Nc3 Nf6 3. Nf3 Nc6 4. e3 Bb4 5. Qc2 0-0 6. Nd5 Bc5 7. a3 d6 8. b4 Bb6 9. Nxb6 axb6 10. Bb2 Bg4 11. d3 Bxf3 12. gxf3 Nh5 13. b5 Nb8 14. d4 f6 15. Bd3 g6 16. Rg1 Qe7 17. Be4 Ra7 18. Ke2 Kh8 19. dxe5 dxe5 20. Rad1 f5 21. Bd3 Nd7 22. f4 Ng7 23. fxe5 Nxe5 24. Qc3 Ng4 25. Bc2 Rf7 26. c5 bxc5 27. Bb3 Rf8 28. Rd5 b6 29. h3 c6 30. bxc6 Nf6 31. Rdd1 Qe8 32. Rd7 Rxd7 33. cxd7 Qxd7 34. Rd1 Qc6 35. a4 Ngh5 36. Qe5 c4 37. Rd6 Qc8 38. Ba2 Kg7 39. Qd4 Kh6 40. Qxc4 Qa8 41. Qc6 Ne4 42. Qxa8 Rxa8 43. Rxb6 Rxa4 44. Bb3 Ra7 45. Bd4 Rd7 46. Bc2 Nf4+ 47. exf4 Rxd4 48. Bxe4 1/2-1/2

[Event "Tamil Nadu IM 14th"]
[Site "Chennai"]
[Date "2024.01.19"]
[Round "6"]
[White "Gochelashvili, David"]
[Black "Pranav, KP."]
[Result "1/2-1/2"]
[WhiteElo "2287"]
[BlackElo "2115"]
[PlyCount "101"]
[EventDate "2024.01.16"]
[EventType "tourn"]
[EventRounds "9"]
[EventCountry "IND"]
[SourceTitle "CB04_2024"]
[SourceDate "2023.10.16"]
[SourceVersion "1"]
[SourceVersionDate "2023.10.16"]
[SourceQuality "1"]

1. e4 e5 2. Nf3 Nc6 3. Bc4 Bc5 4. c3 Nf6 5. d3 d6 6. Bg5 h6 7. Bh4 a6 8. a4 Be6 9. Nbd2 a5 10. Qb3 Qd7 11. Bxf6 gxf6 12. Nh4 0-0-0 13. Qb5 Bb6 14. Bxe6 fxe6 15. Nc4 d5 16. Nxb6+ cxb6 17. 0-0 Rhg8 18. g3 f5 19. exf5 exf5 20. f4 Rg4 21. Qxb6 exf4 22. Rxf4 Rxf4 23. gxf4 Kb8 24. Qf2 d4 25. c4 Nb4 26. Qd2 Qg7+ 27. Ng2 Rg8 28. Rf1 Nxd3 29. Rf3 Qxg2+ 30. Qxg2 Rxg2+ 31. Kxg2 Ne1+ 32. Kf2 Nxf3 33. Kxf3 Kc7 34. Ke2 Kd6 35. Kd2 h5 36. Kd3 Kc5 37. h4 b6 38. b3 Kb4 39. Kxd4 Kxb3 40. Ke5 Kxa4 41. Kxf5 Kb3 42. Kg6 a4 43. f5 a3 44. f6 a2 45. f7 a1Q 46. f8Q Qd1 47. Qf7 Kb4 48. Qd5 Qg4+ 49. Kh6 Qxh4 50. Qb5+ Kc3 51. Qxb6 1/2-1/2

[Event "Tamil Nadu IM 14th"]
[Site "Chennai"]
[Date "2024.01.18"]
[Round "5"]
[White "Mamombe, Kudzanai"]
[Black "Gochelashvili, David"]
[Result "0-1"]
[WhiteElo "1797"]
[BlackElo "2287"]
[PlyCount "138"]
[EventDate "2024.01.16"]
[EventType "tourn"]
[EventRounds "9"]
[EventCountry "IND"]
[SourceTitle "CB04_2024"]
[SourceDate "2023.10.16"]
[SourceVersion "1"]
[SourceVersionDate "2023.10.16"]
[SourceQuality "1"]

1. e4 c5 2. Nf3 Nc6 3. d4 cxd4 4. Nxd4 g6 5. Nc3 Bg7 6. Be3 Nf6 7. Be2 0-0 8. 0-0 d6 9. Qd2 Ng4 10. Bxg4 Bxg4 11. f3 Bd7 12. Rad1 Re8 13. Nd5 Rc8 14. c4 Nxd4 15. Bxd4 Rxc4 16. Bxa7 e6 17. b3 Rc6 18. Nb4 Rc8 19. Qxd6 Bb5 20. Qxd8 Rexd8 21. Rxd8+ Rxd8 22. Rc1 Bh6 23. Bb6 Rd2 24. Rc8+ Kg7 25. a4 Be2 26. Rc2 Bd1 27. Rxd2 Bxd2 28. Nd3 Bxb3 29. Nc5 Be3+ 30. Kf1 Bxc5 31. Bxc5 Bxa4 32. f4 g5 33. fxg5 Bc6 34. e5 Kg6 35. h4 Kf5 36. Bd6 Kg4 37. Be7 Kf4 38. Bd6 Kg3 39. Be7 Bxg2+ 40. Ke2 Be4 41. Ke3 Bg6 42. Kd4 Kxh4 43. Kc5 Kg4 44. Bf6 Be4 45. Kb6 Kf4 46. Kb5 Bc6+ 47. Kb6 Ke4 48. Kc5 b5 49. Kb4 Kd5 50. Kc3 Bd7 51. Kb4 Kd4 52. Kb3 Kd3 53. Kb4 Kc2 54. Be7 Bc6 55. Bf6 Be8 56. Be7 f5 57. exf6 e5 58. f7 Bxf7 59. Kxb5 e4 60. Bc5 Kd3 61. Bb4 e3 62. Kc5 e2 63. Be1 Kc2 64. Kd4 Kd1 65. Bh4 e1Q 66. Bxe1 Kxe1 67. Ke3 Bg6 68. Kf3 Kf1 69. Kg4 Kg2 0-1

[Event "Tamil Nadu IM 14th"]
[Site "Chennai"]
[Date "2024.01.16"]
[Round "1"]
[White "Gochelashvili, David"]
[Black "Borgaonkar, Akshay"]
[Result "0-1"]
[WhiteElo "2287"]
[BlackElo "2206"]
[PlyCount "48"]
[EventDate "2024.01.16"]
[EventType "tourn"]
[EventRounds "9"]
[EventCountry "IND"]
[SourceTitle "CB04_2024"]
[SourceDate "2023.10.16"]
[SourceVersion "1"]
[SourceVersionDate "2023.10.16"]
[SourceQuality "1"]

1. Nf3 d5 2. g3 Nc6 3. d4 Bf5 4. Bg2 Nb4 5. Na3 e6 6. 0-0 Nc6 7. b3 h5 8. c4 Nf6 9. Bb2 Be7 10. Ne5 h4 11. Nb5 hxg3 12. hxg3 Ne4 13. cxd5 exd5 14. Rc1 a6 15. Nc3 Qd6 16. Nxe4 dxe4 17. f4 Qh6 18. Rxc6 bxc6 19. Kf2 Bh4 20. gxh4 Qxh4+ 21. Kg1 Qh2+ 22. Kf2 Bh3 23. Rg1 Qxf4+ 24. Bf3 e3+ 0-1

[Event "Tamil Nadu IM 12th"]
[Site "Chennai"]
[Date "2024.01.11"]
[Round "5"]
[White "Gochelashvili, David"]
[Black "Raghav, V."]
[Result "1-0"]
[WhiteElo "2287"]
[BlackElo "2150"]
[PlyCount "79"]
[EventDate "2024.01.09"]
[EventType "tourn"]
[EventRounds "9"]
[EventCountry "IND"]
[SourceTitle "CB03_2024"]
[SourceDate "2024.01.17"]
[SourceVersion "1"]
[SourceVersionDate "2024.01.17"]
[SourceQuality "1"]

1. e4 e5 2. Nf3 Nc6 3. Bc4 Bc5 4. c3 Nf6 5. d3 0-0 6. Bg5 h6 7. Bh4 d6 8. b4 Bb6 9. Nbd2 g5 10. Bg3 Ne7 11. Bb3 c6 12. Nc4 Bc7 13. h4 g4 14. Nh2 Ng6 15. h5 Nxh5 16. Nxg4 Nxg3 17. fxg3 Qg5 18. Nxh6+ Kg7 19. Qf3 f5 20. Nxf5+ Bxf5 21. Rh5 Bxe4 22. dxe4 Rxf3 23. Rxg5 Rf6 24. Ne3 Rh8 25. Ke2 Rh2 26. a4 Bd8 27. Rd1 Kh7 28. Rf5 d5 29. Rxf6 Bxf6 30. exd5 cxd5 31. Bxd5 Ne7 32. Ng4 Rh6 33. Be4+ Kg7 34. Nxh6 Kxh6 35. Rd7 Nc8 36. Rxb7 Nd6 37. Rh7+ Kg5 38. Kd3 Kg4 39. Rxa7 Kxg3 40. Rd7 1-0

[Event "Tamil Nadu IM 12th"]
[Site "Chennai"]
[Date "2024.01.09"]
[Round "1"]
[White "Buscara, Sevan"]
[Black "Gochelashvili, David"]
[Result "1/2-1/2"]
[WhiteElo "2359"]
[BlackElo "2287"]
[PlyCount "130"]
[EventDate "2024.01.09"]
[EventType "tourn"]
[EventRounds "9"]
[EventCountry "IND"]
[SourceTitle "CB03_2024"]
[SourceDate "2024.01.17"]
[SourceVersion "1"]
[SourceVersionDate "2024.01.17"]
[SourceQuality "1"]

1. g3 e5 2. Bg2 d5 3. d3 Nc6 4. a3 g6 5. b4 Bg7 6. Bb2 Be6 7. Nd2 a6 8. c4 Nge7 9. Ngf3 d4 10. Nb3 h6 11. 0-0 0-0 12. Qd2 b6 13. e3 Qd6 14. exd4 exd4 15. Rfe1 g5 16. Re4 Bf5 17. Re2 Ng6 18. b5 axb5 19. cxb5 g4 20. Ne1 Na5 21. Nxa5 Rxa5 22. a4 Rfa8 23. Bxa8 Rxa8 24. a5 Bd7 25. axb6 Rxa1 26. b7 Qb6 27. Bxa1 Qxb7 28. Qb4 Qb6 29. Rc2 Bxb5 30. Qc5 Qa6 31. Bxd4 Bxd3 32. Rc1 Bxd4 33. Qxd4 Bf5 34. Ng2 Qd6 35. Qxd6 cxd6 36. Rd1 Ne5 37. Ne1 Nc4 38. Rd4 Be6 39. f3 gxf3 40. Nxf3 Kg7 41. Kf2 d5 42. Rh4 Nd6 43. Nd4 Kg6 44. Ke3 Nc4+ 45. Kf4 Bd7 46. Ne2 f6 47. Kf3 Ne5+ 48. Ke3 Kg5 49. Nf4 d4+ 50. Kf2 Ng4+ 51. Kg1 Kf5 52. h3 Ne5 53. Rxh6 d3 54. Kf2 d2 55. Ke2 Nf3 56. Rh5+ Ke4 57. Rd5 Ba4 58. Rxd2 Bb5+ 59. Kd1 Nxd2 60. Kxd2 Kf3 61. h4 Be8 62. Ne2 f5 63. Ke1 Bf7 64. Kd2 Be8 65. Ke1 Bf7 1/2-1/2

[Event "Tamil Nadu IM 10th"]
[Site "Chennai"]
[Date "2023.12.21"]
[Round "7"]
[White "Gochelashvili, David"]
[Black "Wagh, Suyog"]
[Result "0-1"]
[WhiteElo "2291"]
[BlackElo "2210"]
[PlyCount "90"]
[EventDate "2023.12.17"]
[EventType "tourn"]
[EventRounds "9"]
[EventCountry "IND"]
[EventCategory "1"]
[SourceTitle "CB52_2023"]
[SourceDate "2023.12.27"]
[SourceVersion "1"]
[SourceVersionDate "2023.12.27"]
[SourceQuality "1"]

1. c4 c6 2. Nf3 d5 3. b3 Bf5 4. Bb2 e6 5. e3 Nd7 6. Be2 h6 7. 0-0 Ngf6 8. d4 Be7 9. Bd3 Bxd3 10. Qxd3 0-0 11. Nbd2 Bb4 12. a3 Bxd2 13. Nxd2 Re8 14. e4 dxe4 15. Nxe4 Nxe4 16. Qxe4 Nf6 17. Qf3 Qd6 18. Rfd1 Red8 19. a4 b5 20. Ba3 Qc7 21. axb5 cxb5 22. d5 exd5 23. cxd5 Qe5 24. d6 Rac8 25. Re1 Qc3 26. Rac1 Qa5 27. b4 Rxc1 28. Rxc1 Qb6 29. Rc6 Qd4 30. h3 h5 31. Qe2 Qd5 32. Rc5 Qxd6 33. Bb2 Re8 34. Qf1 Ne4 35. Qxb5 Rb8 36. Qc6 Qd1+ 37. Kh2 Nxc5 38. Qxc5 Re8 39. Qxa7 Qd6+ 40. g3 h4 41. Qd4 hxg3+ 42. Kg2 Qg6 43. fxg3 Qc2+ 44. Kf3 Qf5+ 45. Qf4 Qd3+ 0-1